000 00368nam a2200157Ia 4500
008 210210b1937 xxu||||| |||| 00| 0 eng d
041 _aeng
082 _a829/414
100 _aGALSWORTHY (J)
245 _aModern comedy
260 _aLondon
_bWilliam Heinemann Ltd.
_c1937
650 _aModern
650 _acomedy
690 _aEnglish Fiction
906 _a017018
999 _c136977
_d136977